000 00803nam a2200229 a 4500
001 000004953
003 DO-SdBNP
005 20210531175117.0
008 090728s1990 dr a r 00 0 spa d
040 _aDO-SdBNP
_bspa
_cBNPHU
082 _a359.6
_bG216c
100 1 _aGarcía Alecont, Víctor Francisco
_914304
245 1 0 _aCompendio administrativo de consulta para la Marina de Guerra Dominicana /
_cVíctor Francisco García Alecont.
260 _aSanto Domingo :
_bCorripio,
_c1990.
300 _a352 p. :
_bil. ;
_c23 cm.
500 _aIncluye índice
500 _aIncluye datos biográficos del autor en la solapa de la contraportada.
590 _aInventariado, 2020/ YL
650 1 4 _aMarina de guerra
_xManuales
_zRepública Dominicana
_914305
910 _aYLockward
942 _2ddc
_cLBS1
999 _c4759
_d4759